000 01443nam a2200361 i 4500
001 000031405
003 DO-SdBNP
005 20240723121155.0
007 ta
008 240717s1986 sp a 000 | spa d
020 _a8450531411 (obra completa)
020 _a8450545404 (v. 1)
020 _a845053139X (v. 2)
020 _a8450531403 (v. 3)
020 _a8450545412 (v. 4)
040 _aDO-SdBNP
_bspa
_cBNPHU
_erda
082 4 _a059.3
_bS162d
_222
100 _aSaldoni, Baltasar,
_d1950-
_986112
_eautor
245 1 0 _aDiccionario biográfico-bibliográfico de efemérides de músicos españoles /
_cescrito y publicado por Baltasar Saldoni.
250 _aEdición facsímil de la primera edición, preparada por Jancito Torres, 1881
264 _aMadrid :
_bCentro de Documentación Musical,
_bInstituto Nacional de las Artes Escénicas y de la Música,
_c1986.
300 _a4 volúmenes ;
_c25 cm.
336 _2rdacontent
_atexto
_btxt
337 _2rdamedia
_asin mediación
_bnc
338 _2rdacarrier
_avolumen
_bnc
500 _aReimpresión . Publicado originalmente en: Madrid : Impr. á cargo Delaware A. Pérez Dubrull, 1868-1881.
504 _a Incluye referencias bibliográficas.
590 _aInventariado, 2024/DG
650 4 _aMúsicos
_vDiccionarios
_xBiografías
_z España
_986113
700 1 _aTorres, Jacinto,
_d1950-
_986148
_eEdición facsímil de la primera.
910 _aDG
942 _2ddc
_cLBS1
999 _c57308
_d57308